00452 2200181 4500001002100000005001500021008004100036020002200077035001900099041000700118082000800125090001400133100002700147245002200174260002800196300001800224650002800242INLIS00000000001509320241224114853241224||||||||| | ||| |||| || |  a978-602-8223-59-1 0010-1224015093 aid0 a590 a590 BED s0 aCamilla De La Bedoyere00a100 Fakta Tentang aBandungbExamediac2008 a48hlm;18x25cm 0aIlmu-Ilmu Tentang Hewan